| 000 | 01266cam a22002771i 4500 | ||
|---|---|---|---|
| 003 | SA_RiAUC | ||
| 005 | 20250718152206.0 | ||
| 008 | 250716s2007 ba f 000 0 ara c | ||
| 040 |
_aEG-CaFIB _bara _cSA-RiAUC _erda |
||
| 082 | 0 | 4 |
_a368 _qSA-RiAUC |
| 090 |
_a368 _bب ع ل |
||
| 100 | 1 |
_aالبعلي، عبد الحميد محمود، _d1942- _eمؤلف. |
|
| 245 | 1 | 0 |
_aنظام التأمين التعاوني التكاملي الإسلامي : _bقواعده وفنياته مع المقارنة بالتأمين التجاري / _cعبد الحميد محمود البعلي، وائل الراشد. |
| 250 | _aالطبعة الأولى. | ||
| 264 | 1 |
_a[المنامة] : _bمجموعة البركة : _bبنك البركة، _c2007 |
|
| 300 |
_a325 صفحة ؛ _c24 سم |
||
| 336 |
_aنص _btxt _2rdacontent _3كتاب |
||
| 337 |
_aبدون وسيط _bn _2rdamedia |
||
| 338 |
_aمجلد _bnc _2rdacarrier |
||
| 650 | 7 |
_aالتأمين التعاوني _2aucsh |
|
| 650 | 7 |
_aالتأمين التعاوني (فقه إسلامي) _2aucsh |
|
| 650 | 7 |
_aشركات التأمين التعاوني _xإدارة _2aucsh |
|
| 700 | 1 |
_aالراشد، وائل إبراهيم _eمؤلف. |
|
| 942 |
_2ddc _cBOOK _n0 |
||
| 949 |
_aSA-JeALM _d250716 _umohamedma123 _n1 |
||
| 999 |
_c10073 _d10073 |
||